PRINCIPLES AND PRACTICE OF DRUG STORE ADMINISTRATION : including accountancy (Record no. 5867)

MARC details
000 -LEADER
fixed length control field 00447nam a22001577a 4500
005 - DATE AND TIME OF LATEST TRANSACTION
control field 20190528113227.0
008 - FIXED-LENGTH DATA ELEMENTS--GENERAL INFORMATION
fixed length control field 190528b xxu||||| |||| 00| 0 eng d
020 ## - INTERNATIONAL STANDARD BOOK NUMBER
ISBN 978-81-85790-27-5
041 ## - LANGUAGE CODE
Language code of text/sound track or separate title eng
100 ## - MAIN ENTRY--AUTHOR NAME
Personal name BURANDE, DR, MAHESH D. AND OTHERS
245 ## - TITLE STATEMENT
Title PRINCIPLES AND PRACTICE OF DRUG STORE ADMINISTRATION : including accountancy
250 ## - EDITION STATEMENT
Edition statement 8th ED.2019
260 ## - PUBLICATION, DISTRIBUTION, ETC. (IMPRINT)
Place of publication PUNE
Name of publisher NIRALI PRAKASHAN
300 ## - PHYSICAL DESCRIPTION
Number of Pages B.1p,
942 ## - ADDED ENTRY ELEMENTS (KOHA)
Koha item type Books

No items available.